000 00775nam a2200265 i 4500
001 C2-0324287
003 PPAK
005 20180728122652.0
008 131205s2013 my a|||| ||||| | may d
020 _a9789670129853
040 _aPPAK
_beng
_cPPAK
_erda
082 0 4 _a392
_223
090 0 0 _a392
_bIND
_dK
100 0 _aInda Syahidah,
_eauthor
245 1 0 _aUpacara dan perayaan keagamaan
264 1 _aKuala Lumpur :
_bSemarak Murni ,
_c2013
300 _aii, 54 pages :
_billustrations ;
_c30 cm.
336 _2rdacontent
_atext
337 _2rdamedia
_aunmediated
338 _2rdacarrier
_avolume
490 1 _aSiri bongkar yang pelik dan tersembunyi
650 1 0 _aRites and ceremonies
830 0 _aSiri bongkar yang pelik dan tersembunyi
942 _ddc
_cB
999 _c124261
_d124261